Hadiah untuk Faridah

Bibliographic Details
Format: Book
Published: K.Lumpur : Penerbitan Fargoes , 2005
Series:Siri kanak-kanak harmoni
Subjects:

MARC

LEADER 00000cam a2200000 7i4500
001 0000067066
005 20161015.0
008 161015
020 |a 983128349X 
090 0 0 |a JF   |b JAW 
245 0 0 |a Hadiah untuk Faridah 
260 |a K.Lumpur :   |b Penerbitan Fargoes ,   |c 2005 
440 0 |a Siri kanak-kanak harmoni 
500 |a Children ages 7-9 years old (orange) 
650 0 |a Jawi 
999 |a 0000899795   |b Book   |c Children Collection   |e Cawangan Mersing 
999 |a 0000899796   |b Book   |c Children Collection   |e Cawangan Mersing 
999 |a 0001215494   |b Book   |c Children Collection   |e Cawangan Bukit Gambir 
999 |a 0001215496   |b Book   |c Children Collection   |e Cawangan Segamat 
999 |a 0001215499   |b Book   |c Children Collection   |e Cawangan Mersing